000
00264nam a2200109Ia 4500
008
230907s9999||||xx |||||||||||||| ||und||
082
_a
6.312
_b
ERL
100
_a
Erl, Thomas,
_9
28794
245
0
_a
Big data fundamentals :
300
_a
xv, 218 pages :
942
_c
BK
999
_c
600040
_d
600040